Sarah's Place - Zach Bryan and Noah Kahan Lyrics - Statistics

General Stats
  • This quiz has been taken 337 times
  • The average score is 160 of 226
Answer Stats
Answer % Correct
place
98%
sarahs
97%
Sarah's
97%
a
96%
you
94%
I
93%
i
93%
the
90%
be
89%
your
89%
of
88%
out
88%
at
84%
love
84%
better
83%
in
83%
for
82%
we
82%
don't
81%
dont
81%
who
81%
since
79%
back
78%
are
77%
been
77%
as
76%
moved
76%
Road
76%
road
76%
sleeping
76%
am
75%
i've
75%
LA
75%
4
74%
built
74%
come
74%
days
74%
dogs
74%
my
74%
so
74%
time
74%
up
74%
you're
74%
youre
74%
good
73%
heard
73%
no
73%
sun
73%
were
73%
always
72%
half
72%
kid
72%
lover
72%
ain't
71%
east
71%
job
71%
know
71%
than
71%
there
71%
under
71%
village
71%
our
70%
stories
70%
worst
70%
proud
69%
knew
68%
some
68%
times
68%
working
68%
name
67%
sit
67%
drinkin
66%
im
66%
mothers
66%
scored
66%
bout
65%
skyline
65%
all
64%
folks
64%
miss
64%
shine
64%
face
63%
those
63%
around
62%
bright
62%
lights
62%
wasted
61%
without
60%
backyard
59%
gonna
59%
them
58%
well
58%
and
57%
to
57%
mine
52%
piece
50%
that
48%
million
47%
drive
44%
drove
43%
guitar
43%
is
43%
chair
42%
ill
42%
just
42%
last
42%
least
42%
we'd
42%
you'll
42%
old
41%
empty
40%
sittin
40%
still
40%
tired
40%
week
40%
yard
40%
called
39%
had
39%
damn
38%
seeing
38%
sell
38%
talk
38%
like
37%
picnic
37%
fallin
36%
apart
35%
while
32%
but
27%
plae
5%
No matching quizzes found
Score Distribution
Percent of People with Each Score
Percentile by Number Answered
Your Score History
You have not taken this quiz